| 000 | 00338nam a22001097a 4500 | ||
|---|---|---|---|
| 008 | 160815b xxu||||| |||| 00| 0 eng d | ||
| 020 | _a1444334272 | ||
| 245 |
_aResearch Methods in Second Language Acquisition _bA Practical Guide _cedited by Alison Mackey |
||
| 260 |
_aUSA _bWiley-Blackwell _c2012 |
||
| 300 | _avi, 326p. | ||
| 942 |
_2lcc _cBK |
||
| 999 |
_c16048 _d16048 |
||